Egypt's role in world affairs.

Bibliographic Details
Main Author: Lengyel, Emil, 1895-
Format: Book
Language:English
Published: Washington : Public Affairs Press, [1957]
Subjects:

MARC

Tag First Indicator Second Indicator Subfields
LEADER 00000cam a2200000 4500
001 in00000060551
005 20151007082659.0
008 720922s1957 eng u
010 |a  57008856  
035 |a (OCoLC)00413277 
035 |9 AAF8253AM 
040 |c WSU  |d TXA  |d UtOrBLW 
049 |a TXAM  |c [282805] 
050 0 |a DT82  |b .L4 
092 |a 327.62  |b L566e 
100 1 |a Lengyel, Emil,  |d 1895- 
245 1 0 |a Egypt's role in world affairs. 
264 1 |a Washington :  |b Public Affairs Press,  |c [1957] 
300 |a 147 pages 
336 |a text  |b txt  |2 rdacontent 
337 |a unmediated  |b n  |2 rdamedia 
338 |a volume  |b nc  |2 rdacarrier 
651 0 |a Egypt  |x Foreign relations. 
999 |a MARS 
999 f f |s 96bbfd53-53dd-3d96-a218-a52a7d302f5e  |i 321083a1-cce5-3bd2-8ae7-75320a3783ec  |t 0 
952 f f |p ric  |a Texas A&M University  |b Rellis Campus  |c Joint Library Facility  |d Remote Storage  |t 0  |e DT82 .L4  |h Library of Congress classification  |i unmediated -- volume  |m A14800676751 
998 f f |a DT82 .L4  |t 0  |l Remote Storage